00438 2200181 4500001002100000005001500021008004100036020002200077035001900099041000700118082001000125090001400135100002100149245000900170260003000179300002600209650002100235INLIS00000000000022520241224112134241224||||||||| | ||| |||| || |  a978-602-8309-90-5 0010-1224000225 aid0 a323.6 a323.6 ADI0 aTim Akhlak Mulia00aAdil aJakartabAzka Pressc2008 a52 hlm.: ilus.; 25 cm 0aIlmu-ilmu Sosial